000 00935nas a2200277 4500
001 BR8007128
003 BR-BrBNA
005 20231205084440.0
007 ta
008 230509b bl.|||p| |||| 00| 00por d
040 _aBR-BrBNA
_bpor
_cBiblioteca Nacional de Agricultura
041 _a(Pt)
072 _aF60
100 1 _aMinami, P.S.
100 1 _aRocha, T.R.F. da
100 1 _aCrespo, R.D.
245 1 _aInfluencia do fosfato monopotassico, cloreto de sodio, cloreto de calcio e sulfato de magnesio no crescimento de Cryptococcus neoformans [levedo]
650 _aLEVEDO
650 _aANALISE QUIMICA
650 _aCRESCIMENTO
650 _aCLORETO DE SODIO
650 _aSULFATO DE MAGNESIO
773 0 _tRevista de Farmacia e Bioquimica da Universidade de Sao Paulo (Brazil)
_xISSN 0370-4726
_g(Jan-Dec 1980), v. 16(1-2) p. 176-182
_wBR8007128
909 _a202311
_bLúcia
_c55
_dLúcia Elande
942 _2AGRIS
_n0
_cANA
999 _c105308
_d105308